000 00778nam a2200253Ia 4500
003 OSt
005 20220923222558.0
006 a|||||r|||| 00| 0
007 ta
008 220922b |||||||| |||| 00| 0 hin d
024 _a206,199
037 _cTextual
040 _aARTS
_cARTS
_bhin
041 _2hin
_ahin
082 _aO152,4N14x, L7
100 _aमधुरेश, संपा.
245 0 _aयशपाल के पत्र
246 _aYashapāl ke patra
260 _aदिल्ली
_b मैकमिलन कंपनी
_c1977
300 _a135पृ.
_ccm.
650 _aहिन्दी साहित्य
_9156264
942 _hO152,4N14x, L7
_cTEXL
_2CC
999 _c356860
_d356860